000 00517nam a2200205Ia 4500
003 OSt
005 20220926043850.0
006 a|||||r|||| 00| 0
007 ta
008 220923b |||||||| |||| 00| 0 eng d
037 _cGeneral Book
040 _aRTL
_cRTL
_beng
041 _2eng
_aeng
082 _aY72-78y7
100 _aLockwood Douglas
_9348318
245 0 _aI, the aboriginal
650 _aTribal Sociology
942 _hY72-78y7
_cGB
_2CC
999 _c673400
_d673400